Calles de la Feria de Sevilla - Estadísticas

Estadísticas generales
  • Esta prueba ha sido intentada 378 veces
  • La puntuación promedio es 8 de 15
Estadísticas de respuestas
Calles % Correcto
Joselito el Gallo
81%
Pascual Márquez
76%
Juan Belmonte
69%
Gitanillo de Triana
66%
Ricardo Torres "Bombita"
66%
Antonio Bienvenida
62%
Curro Romero
55%
Ignacio Sánchez Mejías
55%
Costillares
52%
Jiménez Chicuelo
49%
Espartero
41%
Pepe Hillo
40%
Pepe Luis Vázquez
36%
Rafael Gómez Ortega
24%
Manolo Vázquez
19%
No se encontraron pruebas coincidentes
Distribución de puntuación
Porcentaje de gente con cada puntuación
Porcentaje por número respondido
Historial de tus puntuaciones
No has intentado esta prueba.